Child prostitution / (Record no. 125162)

MARC details
000 -LEADER
fixed length control field 00785nam a22002417a 4500
005 - DATE AND TIME OF LATEST TRANSACTION
control field 20170124105949.0
010 ## - LIBRARY OF CONGRESS CONTROL NUMBER
LC control number A-895507
020 ## - INTERNATIONAL STANDARD BOOK NUMBER
Terms of availability 00.00
International Standard Book Number 8170249090
035 ## - SYSTEM CONTROL NUMBER
System control number A-895507
037 ## - SOURCE OF ACQUISITION
Source of stock number/acquisition Cen Lib/Ret
040 ## - CATALOGING SOURCE
Original cataloging agency DPL
Language of cataloging EN
082 ## - DEWEY DECIMAL CLASSIFICATION NUMBER
Classification number 306.745
Item number TAN
100 ## - MAIN ENTRY--PERSONAL NAME
Personal name Tandon, R. K.
9 (RLIN) 13237
245 ## - TITLE STATEMENT
Title Child prostitution /
Statement of responsibility, etc by R. K. Tandon [and] K. N. Sudarshan
260 ## - PUBLICATION, DISTRIBUTION, ETC. (IMPRINT)
Place of publication, distribution, etc New Delhi
Name of publisher, distributor, etc A. P. H. Publishing Corporation
Date of publication, distribution, etc 1997
270 ## - ADDRESS
Address 5, Ansari Road, Darya Ganj
City New Delhi
Postal code 110002
300 ## - PHYSICAL DESCRIPTION
Extent viii,407p.
Dimensions 22cm(Hb)
500 ## - GENERAL NOTE
General note Includes appendix and index<br/>
650 ## - SUBJECT ADDED ENTRY--TOPICAL TERM
Topical term or geographic name as entry element Child prostitution -- India
9 (RLIN) 13238
650 ## - SUBJECT ADDED ENTRY--TOPICAL TERM
Topical term or geographic name as entry element Children -- India -- Social conditions
9 (RLIN) 13239
700 ## - ADDED ENTRY--PERSONAL NAME
Personal name Sudarshan, K. N.
9 (RLIN) 13240
942 ## - ADDED ENTRY ELEMENTS (KOHA)
Source of classification or shelving scheme Dewey Decimal Classification
Koha item type English Books
Classification part 306.745
Call number suffix TAN
Holdings
Withdrawn status Lost status Damaged status Not for loan Home library Current library Date acquired Source of acquisition Cost, normal purchase price Total Checkouts Full call number Barcode Date last seen Copy number Cost, replacement price Price effective from Koha item type Public note
Written off       Central Library Central Library 19/06/2015 Cen Lib/Ret 0.00   306.745 TAN A-895507 19/06/2015 1 0.00 19/06/2015 English Books W/d list no. 6813/7

© Delhi Public Library
Hit Counter
free hit counter